| 000 | 00800nam a2200205 u 4500 | ||
|---|---|---|---|
| 001 | 000609777 | ||
| 003 | AM-YeHGA | ||
| 005 | 20250617135608.0 | ||
| 008 | 081104s1984 ||||||||r|||||000|0|rus|d | ||
| 040 | _aAM-YeHGA | ||
| 041 | 0 | _arus | |
| 100 | 1 | _aБрезгин, Николай Николаевич | |
| 245 | 1 | 0 |
_aЛекарственные растения Верхневолжья / _cН.Н. Брезгин. |
| 260 |
_aЯрославль : _bВерхне-Волжское кн. изд-во, _c1984. |
||
| 300 |
_a320 с. : _b16 л. цв. ил. ; _c20 см. |
||
| 500 | _aАлф. указ.: с. 315-318 | ||
| 650 | 1 | 4 |
_aЛекарственные растения _xТерапевтическое применение _xФармакология |
| 650 | 1 | 4 | _aБотаника |
| 090 | _c205033 | ||
| 999 |
_c203538 _d203538 |
||